Pole Position MotoGP - Statistiques

Statistiques générales
  • Ce quiz a été pris 54 fois
  • Le résultat moyen est 23 sur 45
Statistiques - réponses
Grand Prix Date Pilote Nation Nombre
de pole
% Correct
Afrique du Sud 22 Avril 2001 Valentino Rossi Italie 55
100%
Argentine 2 Avril 2023 Alex Marquez Espagne 1
95%
Espagne 5 Mai 2019 Fabio Quartararo France 16
95%
Qatar 28 Mars 2021 Francesco Bagnaia Italie 24
95%
des Amériques 21 Avril 2013 Marc Marquez Espagne 69
95%
Qatar 9 Mars 2008 Jorge Lorenzo Espagne 43
93%
Doha 4 Avril 2021 Jorge Martin Espagne 20
88%
Qatar 8 Avril 2006 Casey Stoner Australie 39
86%
Argentine 8 Avril 2018 Jack Miller Australie 2
86%
Pays-Bas 25 Juin 2017 Johann Zarco France 8
83%
Thaïlande 2 Octobre 2022 Marco Bezzecchi Italie 4
83%
Japon 6 Octobre 2024 Pedro Acosta Espagne 1
81%
Pays-Bas 28 Juin 2014 Aleix Espargaro Espagne 7
76%
Styrie 23 Août 2020 Pol Espargaro Espagne 3
76%
Portugal 22 Novembre 2020 Miguel Oliveira Portugal 1
74%
Autriche 21 Août 2022 Enea Bastianini Italie 2
71%
Chine 14 Mai 2006 Dani Pedrosa Espagne 31
69%
Catalogne 27 Septembre 2020 Franco Morbidelli Italie 2
69%
Qatar 26 Mars 2017 Maverick Viñales Espagne 15
69%
Japon 3 Octobre 2010 Andrea Dovizioso Italie 7
67%
Italie 29 Mai 2022 Fabio Di Giannantonio Italie 1
67%
Indonésie 15 Octobre 2023 Luca Marini Italie 2
62%
États-Unis 10 Juillet 2005 Nicky Hayden États-Unis 5
62%
Teruel 25 Octobre 2020 Takaaki Nakagami Japon 1
62%
Pays-Bas 29 Juin 2013 Cal Crutchlow Royaume-Uni 4
52%
Italie 31 Mai 2015 Andrea Iannone Italie 2
45%
Japon 5 Avril 1998 Max Biaggi Italie 23
38%
Japon 25 Avril 1999 Kenny Robert Junior États-Unis 10
36%
Pays-Bas 24 Juin 2000 Loris Capirossi Italie 13
36%
Indianapolis USA 29 Août 2010 Ben Spies États-Unis 1
31%
États-Unis 21 Juillet 2013 Stefan Bradl Allemagne 1
31%
Catalogne 5 Juin 2011 Marco Simoncelli Italie 2
19%
Allemagne 21 Juillet 2002 Olivier Jacque France 1
19%
Afrique du Sud 19 Mars 2000 Sete Gibernau Espagne 13
17%
France 20 Mai 2007 Colin Edwards États-Unis 3
14%
Italie 28 Mai 2000 Alex Barros Brésil 5
12%
Grande-Bretagne 17 Juin 2012 Alvaro Bautista Espagne 1
12%
Brésil 3 Novembre 2001 Tohru Ukawa Japon 3
12%
Turquie 30 Avril 2006 Chris Vermeulen Australie 3
10%
GP du Pacifique 6 Octobre 2002 Daijiro Kato Japon 1
7%
Portugal 3 Septembre 2000 Garry McCoy Australie 1
7%
Portugal 5 Septembre 2004 Makoto Tamada Japon 3
7%
Espagne 3 Mai 1998 Carlos Checa Espagne 3
5%
Pays-Bas 24 Juin 2006 John Hopkins États-Unis 1
5%
Australie 29 Octobre 2000 Jérémy McWilliams Royaume-Uni 2
2%
Aucun quiz correspondant
Distribution des résultats
% des personnes avec chaque résultat
Percentile par nombre de réponses
Votre historique - résultats
Vous n’avez pas pris ce quiz